[Event "POL-ch U20"]
[Site "Karpacz"]
[Date "2022.11.21"]
[Round "3"]
[White "Boryna, Szymon"]
[Black "Malik, Maciej"]
[Result "0-1"]
[WhiteElo "1484"]
[BlackElo "2013"]
[PlyCount "60"]
[EventDate "2022.11.19"]
[EventType "swiss"]
[EventRounds "9"]
[EventCountry "POL"]
[SourceTitle "EXT 2024"]
[Source "ChessBase"]
[SourceDate "2023.10.10"]
[SourceVersion "1"]
[SourceVersionDate "2023.10.10"]
[SourceQuality "1"]

1. c4 g6 2. Nc3 Bg7 3. Nf3 d6 4. d4 Nf6 5. e4 0-0 6. Be3 Nbd7 7. Qc2 e5 8. d5 a5 9. Bd3 h6 10. h3 Nh5 11. 0-0 Nf4 12. Rac1 Nc5 13. Be2 Bd7 14. b3 f5 15. Bxc5 dxc5 16. Rfd1 Ra6 17. Bf1 Qe7 18. Nb5 Bc8 19. g3 fxe4 20. Qxe4 Bf5 21. Qe3 Nxh3+ 22. Bxh3 Bxh3 23. Re1 Raf6 24. Nxe5 Rxf2 25. Nxg6 Rf1+ 26. Kh2 R8f2+ 27. Kxh3 Rh1+ 28. Rxh1 Qxe3 29. Rce1 Qg5 30. Nh4 Be5 0-1

[Event "POL-ch U20"]
[Site "Karpacz"]
[Date "2022.11.19"]
[Round "1"]
[White "Psyk, Radoslaw"]
[Black "Malik, Maciej"]
[Result "1-0"]
[WhiteElo "2421"]
[BlackElo "2013"]
[PlyCount "223"]
[EventDate "2022.11.19"]
[EventType "swiss"]
[EventRounds "9"]
[EventCountry "POL"]
[SourceTitle "EXT 2024"]
[Source "ChessBase"]
[SourceDate "2023.10.10"]
[SourceVersion "1"]
[SourceVersionDate "2023.10.10"]
[SourceQuality "1"]

1. e4 c5 2. Nf3 Nc6 3. Bb5 g6 4. Bxc6 dxc6 5. d3 Bg7 6. h3 e5 7. Be3 b6 8. 0-0 Ne7 9. Nc3 h6 10. a3 0-0 11. b4 cxb4 12. axb4 f5 13. Ra3 f4 14. Bd2 g5 15. Qa1 Qc7 16. Qa2+ Kh7 17. Ra1 a6 18. Qc4 Qd6 19. Ne2 Qg6 20. Kf1 Rg8 21. Neg1 Ra7 22. Qc3 Qd6 23. Qb2 Ng6 24. Bc3 Rd8 25. Ne2 Qe6 26. Qa2 Qe7 27. Re1 c5 28. bxc5 Qxc5 29. Rb1 Qc6 30. Qb2 Qe8 31. Qxb6 Rb7 32. Qxb7 Bxb7 33. Rxb7 Rb8 34. Rxb8 Qxb8 35. Rxa6 Qb1+ 36. Ne1 f3 37. gxf3 Qb7 38. Ra3 Qc8 39. Ng1 Nf4 40. Ng2 Nxh3 41. Ne3 Nf4 42. Nf5 Qc5 43. Rb3 h5 44. Ne2 Nxe2 45. Kxe2 Bf6 46. Ne3 h4 47. Bd2 Kg6 48. Rb8 Qc7 49. Ra8 Qb7 50. Ra1 Qb2 51. Ra6 Qb5 52. Rd6 Qc5 53. Re6 Qc8 54. Rb6 Kf7 55. Ng4 Bg7 56. c4 Qc7 57. Rb5 Bf6 58. c5 Kg7 59. Bb4 Be7 60. Bc3 Bf6 61. Ra5 h3 62. Bd2 Be7 63. Bc3 Bf6 64. Bd2 Be7 65. Ra1 Qxc5 66. Rh1 Qc2 67. Ne3 Qa2 68. Nf5+ Kf6 69. Nxe7 Kxe7 70. Rxh3 Qc2 71. Rh5 Kf6 72. Rxg5 Qa2 73. Rf5+ Ke6 74. Rh5 Qc2 75. Rh6+ Kf7 76. Ra6 Qb2 77. Ra5 Ke6 78. Rd5 Qc2 79. Rb5 Qa2 80. Rb6+ Kf7 81. Rc6 Qb2 82. Rc5 Ke6 83. Rc6+ Kf7 84. Rh6 Qc2 85. Rh5 Kf6 86. f4 exf4 87. Rf5+ Ke6 88. Rxf4 Qc8 89. Rf5 Qg8 90. Bg5 Qe8 91. Bf4 Qa4 92. Re5+ Kf6 93. Rd5 Qc2+ 94. Kf3 Qd1+ 95. Kg2 Qg4+ 96. Bg3 Kg6 97. Rf5 Qe2 98. Rf3 Kg5 99. Re3 Qa2 100. d4 Qc4 101. d5 Qd4 102. d6 Kf6 103. Rf3+ Ke6 104. Rf4 Qd1 105. Rh4 Qd3 106. Rh6+ Kf7 107. Rh7+ Kg6 108. Re7 Kf6 109. Bh4+ Kg6 110. d7 Kh5 111. d8Q Qxd8 112. Rh7+ 1-0

[Event "POL-chT 2nd League"]
[Site "Jastrzebia Gora"]
[Date "2022.09.11"]
[Round "9.122"]
[White "Malik, Maciej"]
[Black "Matul, Sebastian"]
[Result "1-0"]
[WhiteElo "1961"]
[BlackElo "1773"]
[PlyCount "59"]
[EventDate "2022.09.03"]
[EventType "team-swiss"]
[EventRounds "9"]
[EventCountry "POL"]
[SourceTitle "CBM 210 Extra"]
[Source "ChessBase"]
[SourceDate "2022.11.30"]
[SourceVersion "1"]
[SourceVersionDate "2022.11.30"]
[SourceQuality "1"]
[WhiteTeam "Marklowice Hetman"]
[BlackTeam "Choszczno Skoczek"]
[WhiteTeamCountry "POL"]
[BlackTeamCountry "POL"]

1. e4 Nf6 2. e5 Nd5 3. c4 Nb6 4. d4 d6 5. Nf3 g6 6. Be2 Bg7 7. exd6 cxd6 8. Nc3 0-0 9. 0-0 Bg4 10. Be3 Nc6 11. b3 e6 12. Rc1 a6 13. d5 exd5 14. Nxd5 Nxd5 15. Qxd5 Be6 16. Qd2 d5 17. cxd5 Qxd5 18. Qxd5 Bxd5 19. Rfd1 Be6 20. Ng5 Bf5 21. g4 Bc8 22. Ne4 Ne5 23. Bc5 Re8 24. Nd6 Rd8 25. Bb6 Rf8 26. Nxc8 Raxc8 27. Rxc8 Rxc8 28. f4 Rc6 29. Be3 Rc2 30. fxe5 1-0

[Event "POL-chT 2nd League"]
[Site "Jastrzebia Gora"]
[Date "2022.09.04"]
[Round "2.125"]
[White "Szybowicz, Piotr"]
[Black "Malik, Maciej"]
[Result "0-1"]
[WhiteElo "1904"]
[BlackElo "1961"]
[PlyCount "92"]
[EventDate "2022.09.03"]
[EventType "team-swiss"]
[EventRounds "9"]
[EventCountry "POL"]
[SourceTitle "CBM 210 Extra"]
[Source "ChessBase"]
[SourceDate "2022.11.30"]
[SourceVersion "1"]
[SourceVersionDate "2022.11.30"]
[SourceQuality "1"]
[WhiteTeam "Bydgoszcz Chemik"]
[BlackTeam "Marklowice Hetman"]
[WhiteTeamCountry "POL"]
[BlackTeamCountry "POL"]

1. e4 d6 2. Nf3 Nf6 3. Nc3 g6 4. d4 Bg7 5. Bg5 c6 6. Qd2 Qa5 7. h4 h6 8. Bf4 b5 9. Bd3 Nh5 10. Be3 e5 11. dxe5 dxe5 12. 0-0 a6 13. a3 Qc7 14. Ne2 Bg4 15. Nh2 Bxe2 16. Bxe2 Nf4 17. Bf3 Nd7 18. a4 Ne6 19. axb5 cxb5 20. Rfd1 Nd4 21. Bxd4 exd4 22. e5 Rc8 23. Rxa6 Nxe5 24. Qb4 Qc5 25. Qxc5 Rxc5 26. Ra8+ Ke7 27. Ra7+ Ke6 28. Re1 Kd6 29. Bd1 Rc7 30. Ra5 Rb8 31. b3 Kc5 32. Nf3 Nc6 33. Ra6 Nb4 34. Ra3 Kb6 35. Re2 d3 36. cxd3 Rc1 37. Re1 Bb2 38. Ne5 Bxa3 39. Nd7+ Kc7 40. Nxb8 Kxb8 41. Kh2 Nxd3 42. Re8+ Kc7 43. Bf3 Bd6+ 44. g3 Rc2 45. Be4 Rxf2+ 46. Kg1 Re2 0-1

[Event "Ustron op-B"]
[Site "Ustron"]
[Date "2022.08.19"]
[Round "8"]
[White "Sowinski, Pawel"]
[Black "Malik, Maciej"]
[Result "1/2-1/2"]
[WhiteElo "2124"]
[BlackElo "1932"]
[PlyCount "64"]
[EventDate "2022.08.12"]
[EventType "swiss"]
[EventRounds "9"]
[EventCountry "POL"]
[SourceTitle "CBM 209 Extra"]
[Source "ChessBase"]
[SourceDate "2022.09.30"]
[SourceVersion "1"]
[SourceVersionDate "2022.09.30"]
[SourceQuality "1"]

1. e4 c5 2. Nf3 Nc6 3. d4 cxd4 4. Nxd4 e6 5. Nc3 Qc7 6. Be3 a6 7. g4 Bb4 8. Nxc6 Bxc3+ 9. bxc3 Qxc6 10. Qd4 Ne7 11. Bg2 0-0 12. 0-0 d6 13. f4 e5 14. fxe5 dxe5 15. Qxe5 Ng6 16. Qd5 Qxc3 17. Bd4 Qc7 18. e5 Rd8 19. Qe4 Be6 20. c3 Rab8 21. a4 b5 22. axb5 axb5 23. Ra7 Qc4 24. Bf3 b4 25. Be2 Qd5 26. Qxd5 Bxd5 27. Rb1 bxc3 28. Rxb8 Rxb8 29. Bxc3 Nf4 30. Kf2 Nxe2 31. Kxe2 Be6 32. h3 h5 1/2-1/2

[Event "Ustron op-B"]
[Site "Ustron"]
[Date "2022.08.13"]
[Round "2"]
[White "Kulesza, Andrzej"]
[Black "Malik, Maciej"]
[Result "0-1"]
[WhiteElo "2023"]
[BlackElo "1932"]
[PlyCount "118"]
[EventDate "2022.08.12"]
[EventType "swiss"]
[EventRounds "9"]
[EventCountry "POL"]
[SourceTitle "CBM 209 Extra"]
[Source "ChessBase"]
[SourceDate "2022.09.30"]
[SourceVersion "1"]
[SourceVersionDate "2022.09.30"]
[SourceQuality "1"]

1. e4 c5 2. Nf3 Nc6 3. d4 cxd4 4. Nxd4 e6 5. Nc3 Qc7 6. Be3 a6 7. Qd2 Nf6 8. 0-0-0 Bb4 9. f3 0-0 10. g4 b5 11. g5 Ne8 12. f4 Bb7 13. Bd3 Rc8 14. Nxc6 Qxc6 15. Bd4 Nd6 16. Rhe1 Nc4 17. Bxc4 Qxc4 18. Kb1 d5 19. e5 Bc5 20. Ne2 b4 21. Bxc5 Qxc5 22. Nd4 a5 23. Re3 Qe7 24. Qd3 Rc4 25. f5 Rfc8 26. f6 Qc5 27. Nb3 Qc7 28. fxg7 a4 29. Rh3 Re4 30. Nd2 Ba6 31. c4 Bxc4 32. Nxc4 Qxc4 33. b3 axb3 34. axb3 Qxd3+ 35. Rhxd3 Rxe5 36. h4 Re4 37. Rd4 Rc3 38. Kb2 Rce3 39. Kc2 Kxg7 40. R1d2 Kg6 41. Rxe4 Rxe4 42. Rh2 Rf4 43. Kd3 Kh5 44. Ke3 Rxh4 45. Rf2 Kg6 46. Rf6+ Kg7 47. Rf3 Rg4 48. Kd3 Kg6 49. Rf6+ Kxg5 50. Rxf7 h5 51. Re7 Kf6 52. Rh7 h4 53. Rh6+ Ke5 54. Rh5+ Kd6 55. Kc2 e5 56. Rh6+ Kc5 57. Rh8 Kd4 58. Rh5 e4 59. Kd2 Rg2+ 0-1

[Event "Krakow op-B"]
[Site "Krakow"]
[Date "2022.07.01"]
[Round "8"]
[White "Malik, Maciej"]
[Black "Khandhar, Kaushal"]
[Result "1/2-1/2"]
[WhiteElo "1984"]
[BlackElo "1936"]
[PlyCount "165"]
[EventDate "2022.06.25"]
[EventType "swiss"]
[EventRounds "9"]
[EventCountry "POL"]
[SourceTitle "EXT 2023"]
[Source "ChessBase"]
[SourceDate "2022.10.05"]
[SourceVersion "1"]
[SourceVersionDate "2022.10.05"]
[SourceQuality "1"]

1. e4 e6 2. Nf3 d5 3. Nc3 dxe4 4. Nxe4 Nd7 5. d4 Ngf6 6. Bd3 Nxe4 7. Bxe4 Nf6 8. Bg5 Be7 9. Bxf6 gxf6 10. Qe2 c6 11. 0-0-0 Qc7 12. Kb1 Bd7 13. Rhe1 0-0-0 14. h3 Bd6 15. Nd2 Kb8 16. Bf3 Bc8 17. Ne4 Bb4 18. c3 Be7 19. Qc4 b6 20. Ng3 Bb7 21. Qe2 Rd7 22. Qe3 Rhd8 23. Re2 c5 24. Red2 cxd4 25. cxd4 Bxf3 26. Qxf3 Qb7 27. Qxb7+ Kxb7 28. Kc2 Rd5 29. Ne2 a6 30. Nc3 R5d7 31. a3 f5 32. d5 Bf6 33. dxe6 Rxd2+ 34. Rxd2 Rxd2+ 35. Kxd2 fxe6 36. Nd1 Kc6 37. Kd3 Kd5 38. Ne3+ Kc5 39. b3 b5 40. g4 fxg4 41. hxg4 Bb2 42. Nc2 a5 43. b4+ axb4 44. axb4+ Kd5 45. f4 Bc1 46. Ne3+ Kd6 47. Ke4 Bd2 48. Nc2 Ke7 49. Nd4 Kf7 50. Nc6 Kf6 51. g5+ Kf7 52. Ke5 Bc3+ 53. Kd6 Bd2 54. Ne5+ Kg7 55. Nd3 Kf7 56. Kc5 Kg6 57. Kxb5 Kf5 58. Kc4 Ke4 59. b5 Ba5 60. Nc5+ Kxf4 61. Nxe6+ Ke5 62. Nf8 Kf5 63. Nxh7 Kg6 64. Nf8+ Kxg5 65. Kc5 Kf6 66. Nd7+ Ke7 67. Nb8 Be1 68. Kc6 Bf2 69. Kc7 Bg3+ 70. Kb7 Bf2 71. Kc6 Kd8 72. Nd7 Kc8 73. Nb6+ Kb8 74. Nd5 Bg1 75. Nc3 Bd4 76. Ne4 Bg1 77. Nc5 Bxc5 78. Kxc5 Kc7 79. b6+ Kb7 80. Kb5 Kb8 81. Ka6 Ka8 82. b7+ Kb8 83. Kb6 1/2-1/2

[Event "Krakow op-B"]
[Site "Krakow"]
[Date "2022.06.28"]
[Round "5"]
[White "Hnatyshyn, Anastasiya"]
[Black "Malik, Maciej"]
[Result "1/2-1/2"]
[WhiteElo "1890"]
[BlackElo "1984"]
[PlyCount "80"]
[EventDate "2022.06.25"]
[EventType "swiss"]
[EventRounds "9"]
[EventCountry "POL"]
[SourceTitle "EXT 2023"]
[Source "ChessBase"]
[SourceDate "2022.10.05"]
[SourceVersion "1"]
[SourceVersionDate "2022.10.05"]
[SourceQuality "1"]

1. e4 g6 2. d4 d6 3. Nc3 Nf6 4. Be3 c6 5. Qd2 b5 6. f3 a6 7. g4 h5 8. g5 Nfd7 9. f4 Nb6 10. 0-0-0 d5 11. f5 b4 12. Nb1 dxe4 13. fxg6 fxg6 14. Qxb4 Nd5 15. Qd2 Bg4 16. Be2 Bf5 17. c4 Nxe3 18. Qxe3 e5 19. Nc3 Nd7 20. Nxe4 Bxe4 21. Qxe4 Qxg5+ 22. Kb1 Qf5 23. Bd3 Qxe4 24. Bxe4 0-0-0 25. Nf3 exd4 26. Nxd4 Ne5 27. b3 Kb7 28. h3 Kb6 29. Kc2 Be7 30. Ne6 Rxd1 31. Kxd1 g5 32. Ke2 Rg8 33. Bh7 Re8 34. Ng7 Rf8 35. Rf1 Rh8 36. Be4 h4 37. Rf5 Ng6 38. Ne6 Nf4+ 39. Nxf4 gxf4 40. Rxf4 Rh6 1/2-1/2

[Event "Krakow op-B"]
[Site "Krakow"]
[Date "2022.06.26"]
[Round "3"]
[White "Cichon, Jakub"]
[Black "Malik, Maciej"]
[Result "0-1"]
[WhiteElo "1900"]
[BlackElo "1984"]
[PlyCount "48"]
[EventDate "2022.06.25"]
[EventType "swiss"]
[EventRounds "9"]
[EventCountry "POL"]
[SourceTitle "EXT 2023"]
[Source "ChessBase"]
[SourceDate "2022.10.05"]
[SourceVersion "1"]
[SourceVersionDate "2022.10.05"]
[SourceQuality "1"]

1. e4 g6 2. d4 d6 3. Nc3 Nf6 4. f4 Bg7 5. Nf3 0-0 6. Be3 Na6 7. h3 c5 8. d5 Nc7 9. Qd2 b5 10. e5 b4 11. exf6 bxc3 12. bxc3 exf6 13. Rb1 f5 14. c4 Re8 15. Be2 Qd7 16. Qd3 Ba6 17. Rb3 Re4 18. Nd2 Re7 19. 0-0 Rxe3 20. Qxe3 Bd4 21. Qxd4 cxd4 22. Nf3 Nxd5 23. Nxd4 Nf6 24. Rfb1 Qc7 0-1

[Event "Krakow op-B"]
[Site "Krakow"]
[Date "2022.06.26"]
[Round "2"]
[White "Malik, Maciej"]
[Black "Karut, Kacper"]
[Result "1-0"]
[WhiteElo "1984"]
[BlackElo "1835"]
[PlyCount "113"]
[EventDate "2022.06.25"]
[EventType "swiss"]
[EventRounds "9"]
[EventCountry "POL"]
[SourceTitle "EXT 2023"]
[Source "ChessBase"]
[SourceDate "2022.10.05"]
[SourceVersion "1"]
[SourceVersionDate "2022.10.05"]
[SourceQuality "1"]

1. e4 c6 2. Nf3 d5 3. Nc3 Bg4 4. d4 Nf6 5. h3 Bxf3 6. Qxf3 e6 7. Bg5 Be7 8. exd5 Nxd5 9. Bxe7 Qxe7 10. 0-0-0 Nxc3 11. Qxc3 Nd7 12. Qg3 0-0 13. Bd3 Nf6 14. Qh4 h6 15. Rhg1 Nd5 16. Qe4 Qg5+ 17. Kb1 Nf6 18. Qe2 Rfe8 19. g3 e5 20. h4 Qh5 21. g4 Qxh4 22. dxe5 Qg5 23. Rde1 Qf4 24. Rg3 Re7 25. Re3 Nd5 26. Re4 Qg5 27. Qf3 Rae8 28. Qg3 Qd2 29. a3 b5 30. f4 Qa5 31. g5 hxg5 32. Qxg5 b4 33. Rg1 f6 34. exf6 Nc3+ 35. bxc3 Qxg5 36. Rxg5 Rxe4 37. Bxe4 Rxe4 38. Rxg7+ Kf8 39. cxb4 Rxf4 40. Rxa7 Rxf6 41. Kb2 Ke8 42. Kb3 Kd8 43. a4 Kc8 44. Kc4 Kb8 45. Rh7 Rf5 46. b5 cxb5+ 47. axb5 Rf4+ 48. Kb3 Rf3+ 49. Kb4 Rf4+ 50. c4 Rg4 51. b6 Rf4 52. Kb5 Rf1 53. c5 Rf5 54. Ka6 Rxc5 55. Rh8+ Rc8 56. Rxc8+ Kxc8 57. Ka7 1-0

[Event "POL-ch U18"]
[Site "Sypniewo"]
[Date "2022.03.24"]
[Round "6"]
[White "Malik, Maciej"]
[Black "Kacprzak, Karol1111"]
[Result "0-1"]
[WhiteElo "1912"]
[BlackElo "2275"]
[PlyCount "84"]
[EventDate "2022.03.19"]
[EventType "swiss"]
[EventRounds "9"]
[EventCountry "POL"]
[SourceTitle "CBM 207 Extra"]
[Source "ChessBase"]
[SourceDate "2022.05.31"]
[SourceVersion "1"]
[SourceVersionDate "2022.05.31"]
[SourceQuality "1"]

1. e4 c5 2. d4 cxd4 3. c3 dxc3 4. Nxc3 e6 5. Nf3 Nc6 6. Bc4 a6 7. 0-0 Nge7 8. Bg5 h6 9. Be3 Ng6 10. Bb3 b5 11. Nd5 exd5 12. exd5 Bd6 13. dxc6 dxc6 14. Bb6 Qxb6 15. Qxd6 Ra7 16. Rfe1+ Ne7 17. Ne5 0-0 18. Rad1 Nf5 19. Qd3 c5 20. Bc2 g6 21. Qd2 Nd4 22. Bb1 Kg7 23. b4 Rd8 24. Qb2 Re7 25. bxc5 Qxc5 26. Nf3 Rxe1+ 27. Rxe1 Kh7 28. Nxd4 Qxd4 29. Qb3 Be6 30. Qg3 Qf6 31. h4 h5 32. a3 Rd4 33. Be4 Rd2 34. Bf3 Rd3 35. Re5 Bg4 36. Re3 Rxe3 37. fxe3 Bxf3 38. gxf3 Qa1+ 39. Kg2 Qxa3 40. f4 Qa2+ 41. Kg1 b4 42. e4 Qb1+ 0-1